Statistics for Day Tripper Lyrics - The Beatles

Click here to take the quiz!

General Stats

  • This quiz has been taken 222 times
  • The average score is 110 of 130

Answer Stats

Lyrics% Correct
a
100%
A
100%
day
99%
I
98%
She
98%
tripper
98%
To
96%
to
96%
so
95%
It
94%
me
94%
out
94%
out,
94%
find
93%
long
93%
took
93%
was
93%
way
91%
yeah
91%
found
90%
one
88%
the
87%
ticket,
85%
and
82%
Got
78%
easy
75%
good
75%
reason
75%
For
73%
now
73%
She's
72%
taking
72%
there
72%
there,
72%
half
67%
her
64%
teaser
64%
big
63%
driver,
62%
sunday
60%
please
58%
night
57%
only
57%
Tried
55%
stands
53%
stands,
53%
played
36%

Score Distribution

Percentile by Number Answered

Percent of People with Each Score

Your Score History

You have not taken this quiz